000 01219nkm a2200277 i 4500
001 3681
003 ES-MaACL
005 20250713062801.0
007 khrbo
008 070604s1986 sp --- g |001||spa d
100 0 _aAlfonso,
_d1902-1990
_919858
245 1 0 _aMúsica cortesana y popular de Italia, España e Inglaterra [
_hFotografía]
_b: siglos XIV, XV y XVI /
_cAlfonso (sello).
260 _a[S.l. :
_bs.n.],
_c1986.
300 _a4 fot. :
_bb. y n. ;
_c12 x 18 cm.
500 _aDatos basados en invitación.
511 0 _aInterviene: grupo vocal instrumental "Ars Antiqua Musicalis"
518 _aActo organizado por el Ateneo de Madrid en colaboración con el grupo vocal instrumental "Ars Antiqua Musicalis", celebrado en el salón de actos el viernes, 10 de enero de 1986, a las 19:30 h.
610 2 4 _aAteneo de Madrid-
_xActos culturales-
_y1986-
_vFotografías.
_91901
650 1 4 _aMúsica-
_zEuropa-
_yS.XV-XVI.
_915388
650 4 _aConciertos.
_915409
710 2 _aArs Antiqua Musicalis.
_91490
710 2 _aAteneo de Madrid.
_91875
852 _aES-MaACL
_jFOT 2/1986
856 4 _uhttp://www.ateneodemadrid.net/biblioteca_digital/imagenes/1986/0002-1986.jpg
_zVer imagen
999 _c3681
_d3681